Objetivos, metas y recomendaciones del Plan Nacional de Educación Superior II, planes 1981-1985

محفوظ في:
التفاصيل البيبلوغرافية
مؤلف مشترك: Consejo Nacional de Rectores. Oficina de Planificación de la Educación Superior
التنسيق: نص
منشور في: San José: OPES
الوسوم: إضافة وسم
لا توجد وسوم, كن أول من يضع وسما على هذه التسجيلة!

MARC

LEADER 00000 a a2200000 04500
001 20528
003
040
090 |a 086200  
110 |a Consejo Nacional de Rectores. Oficina de Planificación de la Educación Superior  
245 |a Objetivos, metas y recomendaciones del Plan Nacional de Educación Superior II, planes 1981-1985  
260 |a San José:   |b OPES  
300 |a 42 p.  
999 |c 5911  |d 5911